| 000 | 01117nam a2200325 c 4500 | ||
|---|---|---|---|
| 003 | BLK | ||
| 005 | 20250402143031.0 | ||
| 008 | 180408b bul|||||r ||||||| ||bul|| | ||
| 010 | _aKNG00069200000 | ||
| 020 |
_a954-585-723-4 _bиздат.: Бард |
||
| 040 | _aBLK | ||
| 041 |
_aBUL _cBUL |
||
| 080 |
_aАвстралийска литература _b821.111(94) _x-31 _z821.111(94)-31 |
||
| 100 | 1 |
_aУест, Морис _eпърви автор _9245797 |
|
| 700 | 1 |
_aБотева, Ралица _eпрев. от англ. _9365567 |
|
| 139 |
_aУест, Морис _bУ 30 |
||
| 245 | 1 | 0 |
_aЛюбовниците _bРоман _cМорис Уест; прев. от англ. Ралица Ботева. |
| 257 | _aAUS | ||
| 260 |
_аСофия _bБард _c2006 |
||
| 300 |
_a352 с. _c20 см |
||
| 380 | _aX | ||
| 500 | _aОриг. загл. The Lovers / Morris West. - Офс. изд. | ||
| 653 | _aромани | ||
| 852 | _aЦб 229919 | ||
| 856 | 4 |
_qpdf _u |
|
| 856 | 4 |
_qpdf _u |
|
| 942 |
_cKNG _n0 _029 |
||
| 944 |
_aCR _c07.11.2006 _k30531 _lЦветелина Шанова |
||
| 944 |
_aED _c13.12.2006 _k |
||
| 999 |
_c64928 _d64928 |
||